| 000 | 00793nam a2200253Ia 4500 | ||
|---|---|---|---|
| 001 | Para_6703 | ||
| 003 | CHAP | ||
| 008 | 220125s1999 xx 000 0 und d | ||
| 010 | _a205472 | ||
| 040 | _cCHAP | ||
| 090 | _aPA FOLLETO 685 | ||
| 245 |
_aEnfermedades del algodonero : _b su identificación y control / _c por Comité Directivo Agrícola de la Comarga Lagunera |
||
| 260 |
_as.l. : _b Banco Nacional de Crédito Agrícola y Ganadero |
||
| 300 | _a8 p. | ||
| 650 |
_aAlgodón _x enfermedades _94006 |
||
| 710 |
_aComité Directivo Agrícola de la Comarca Lagunera (México) _9171501 |
||
| 901 | _aPA FOLLETO 685 | ||
| 902 | _aA | ||
| 905 | _a00000019-- a 0000000000 00 | ||
| 910 | _a19-- | ||
| 942 | _cPARA | ||
| 942 |
_cPARA _d1 |
||
| 999 |
_c205472 _d205472 |
||